000 00555nam a2200145Ia 4500
008 100204s9999 xx 000 0 und d
082 _b127
100 _aपांढरीपांडे विजय मनोहर
245 _aअंधारातल्या सावल्या
260 _b"मेनका प्रकाशन , मुंबई"
_c1973
300 _a168
630 _aअंधारातल्या सावल्या
730 _aअंधारातल्या सावल्या
942 _cBOOK
999 _c445324
_d445321